000 00764nam0a22002531 4500
001 RU\INFOCOMM_322\NLR\5000100624
005 20260406083454.0
035 _a(NLR Aleph) 009515073
090 _a8791064
_c8791064
100 _a20121211d1954 |||y0rusy50 ca
101 0 _aeng
102 _aRU
105 _ay z |||||
200 1 _aRole of advanced ideas in development of society
210 _aMoscow
_cForeign Languages publ. house
_d1954
215 _a88 с.
_d20 см
620 _aМосква
686 _aМ-Л4-220
_2rubbk
700 1 _7ba
_8rus
_aKonstantinov
_bF. V.
_f1901-1991
_gFedor Vasil'evič
_3RU\NLR\AUTH\770278224
_92650191
801 1 _aRU
_bNLR
_c20121211
801 0 _aRU
_bINFOCOMM
_gPSBO
852 _aNLR
_jД01 Г-4/95
942 _cBOOK
980 _aNB